000 01070naa a2200265 c 4500
001 50059
999 _c50059
_d50059
003 ES-MaCES
005 20171011132143.0
008 171011s2017 sp ||||| t||||||| ||spa d
040 _aES-MaCES
_bspa
_cES-MaCES
_dES-MaCES
100 1 _918830
_aMonereo Pérez, José Luis
245 1 0 _aGénero y Seguridad Social (I). La Seguridad Social ante las víctimas de violencia de género
_cJosé Luis Monereo Pérez, Guillermo Rodríguez Iniesta
650 4 _928657
_amujeres
650 4 _930808
_amalos tratos
650 4 _929388
_aviolencia
650 4 _929521
_adiscriminación por razones de sexo
650 4 _927034
_aseguridad social
650 4 _929076
_aprotección social
650 4 _929855
_alegislación de seguridad social
653 1 0 _aMujer
700 1 _922367
_aRodriguez Iniesta, Guillermo
773 0 _986167
_dMurcia Laborum 2014-
_o089064
_tRevista de Derecho de la Seguridad Social
_w(ES-MaCES)46201
_gn. 11 (2º trim. 2017) {55/1132 R. 089064} ;p. 13-22
902 _aART Artículo de revista
942 _2CES
_cAR
_h3.3.